The human side of advanced manufacturing technology

Gespeichert in:
Bibliographische Detailangaben
Format: Buch
Sprache:Undetermined
Veröffentlicht: Chichester John Wiley & Sons 1987
Schlagworte:
Tags: Tag hinzufügen
Keine Tags, Fügen Sie den ersten Tag hinzu!
Thư viện lưu trữ: Trung tâm Học liệu Trường Đại học Cần Thơ
LEADER 00547nam a2200169Ia 4500
001 CTU_79131
008 210402s9999 xx 000 0 und d
082 |a 331.7 
082 |b H918 
245 4 |a The human side of advanced manufacturing technology 
245 0 |c Toby D. Wall, Chris W. Clegg, Nigel J. Kemp 
260 |a Chichester 
260 |b John Wiley & Sons 
260 |c 1987 
650 |a Labor supply,Technological innovations 
650 |x Effect of technological,Social aspects 
980 |a Trung tâm Học liệu Trường Đại học Cần Thơ